| 000 | 00403 a2200133 4500 | ||
|---|---|---|---|
| 003 | Nust | ||
| 005 | 20170207165535.0 | ||
| 040 | _cNust | ||
| 082 | _a799 | ||
| 245 |
_aLec by Dy MS on Career planning of Sigs offrs,Photographs-2014 _cMCS |
||
| 260 |
_aRawalpindi _bMCS _c20-08-2014 |
||
| 650 | _aPictures of Lec by Dy MS on Career planning of Sigs offrs,Photographs-2014. (CD 24 Vol V) | ||
| 651 | _aSweet Memories-MCS | ||
| 942 | _cBK | ||
| 999 |
_c212333 _d212333 |
||